| 000 | 00816nam a2200265 i 4500 | ||
|---|---|---|---|
| 001 | bg | ||
| 100 | 1 |
_aHEINZMANN, Richard _d(1933- ) |
|
| 245 | 1 | 0 |
_aFilozofia średniowiecza / _cRichard Heinzmann ; przeł. Piotr Domański. |
| 246 |
_iTyt. oryg.: _aPhilosophie des Mittelalters |
||
| 260 |
_aKęty : _b"Antyk", _c1999. |
||
| 300 |
_a313, [1] s. ; _c21 cm. |
||
| 490 | 1 | _aDaimonion | |
| 500 | _aTyt. oryg.: "Philosophie des Mittelalters" 1998. | ||
| 504 | _aBibliogr. - Indeks. | ||
| 650 | 9 |
_aFilozofia _xhistoria _y5-15 w. |
|
| 830 | _aDaimonion | ||
| 020 | _a8391175006 | ||
| 040 | _cBPK | ||
| 041 | 1 |
_apl _hde |
|
| 080 | _a1"04/14" | ||
| 920 | _a83-911750-0-6 | ||
| 942 | _cKS | ||
| 008 | s pl f |000 0 pol | ||
| 999 |
_c39729 _d39729 |
||
| 856 |
_uhttp://koha.tu.koszalin.pl/cgi-bin/koha/opac-detail.pl?biblionumber=39729 _yKatalog online BPK |
||